| 000 | 00816nam a2200289 i 4500 | ||
|---|---|---|---|
| 001 | bg | ||
| 100 | 1 | _aBruchwald, Arkadiusz. | |
| 245 | 1 | 0 |
_aUrządzanie lasu / _cArkadiusz Bruchwald [et al.]. |
| 250 | _aWyd. .4 | ||
| 260 |
_aWarszawa : _bFundacja Rozwój SGGW, _c2004. |
||
| 300 |
_a211, [1] s. : _bil. ; _c25 cm. |
||
| 504 | _aBibliogr. s. 211-[212]. | ||
| 650 | 9 |
_aDrzewa _xpomiary |
|
| 650 | 9 | _aGeodezja | |
| 650 | 9 |
_aLeśnictwo _xgospodarka |
|
| 655 | _aPodręczniki | ||
| 700 | 1 | _aBruchwald, Arkadiusz. | |
| 020 | _a8372740623 | ||
| 040 | _cBPK | ||
| 041 | 0 | _apol | |
| 044 | _aPOL | ||
| 080 | _a630.5/.6+528](07) | ||
| 920 | _a83-7274-062-3 | ||
| 942 | _cKS | ||
| 008 | s pl f |000 0 pol | ||
| 999 |
_c55425 _d55425 |
||
| 856 |
_uhttp://koha.tu.koszalin.pl/cgi-bin/koha/opac-detail.pl?biblionumber=55425 _yKatalog online BPK |
||